<?xml version="1.0" encoding="UTF-8"?>
<marc:record xmlns:marc="http://www.loc.gov/MARC21/slim">
   <marc:leader>00000nam a2200000 a 4500</marc:leader>
   <marc:datafield ind1="1" ind2=" " tag="100">
      <marc:subfield code="a">Clark, Melissa</marc:subfield>
      <marc:subfield code="4">aut</marc:subfield>
      <marc:subfield code="e">Verfasser/-in</marc:subfield>
   </marc:datafield>
   <marc:datafield ind1="0" ind2="0" tag="245">
      <marc:subfield code="a">Dinner in One</marc:subfield>
   </marc:datafield>
   <marc:datafield ind1="0" ind2="0" tag="245">
      <marc:subfield code="b">100 schnelle One-Pot-Gerichte aus Topf, Pfanne oder Ofen. Der »New York Times«-Bestseller</marc:subfield>
   </marc:datafield>
   <marc:datafield ind1="0" ind2="0" tag="245">
      <marc:subfield code="c">Clark, Melissa</marc:subfield>
   </marc:datafield>
   <marc:datafield ind1=" " ind2="1" tag="264">
      <marc:subfield code="a">München</marc:subfield>
      <marc:subfield code="b">Christian</marc:subfield>
      <marc:subfield code="c">2023</marc:subfield>
   </marc:datafield>
   <marc:datafield ind1=" " ind2=" " tag="250">
      <marc:subfield code="a">1. Auflage</marc:subfield>
   </marc:datafield>
   <marc:datafield ind1="1" ind2=" " tag="520">
      <marc:subfield code="a">Fine Dining in One Pot&#xD;
&#xD;
Entdecken Sie das neue Must-have für alle Kochbegeisterten: "Dinner in One" von der New-York-Times-Foodredakteurin Melissa Clark! Mit 100 außergewöhnlichen und einfachen Rezepten ist dieses Kochbuch der perfekte Begleiter für alle, die köstliche Gerichte im Handumdrehen zubereiten möchten. Ob auf einem Backblech, in einer Pfanne oder einem Topf - diese Rezepte sind einfach, aber dennoch raffiniert. Unsere After Work Rezepte eignen perfekt für alle, die nach einem stressigen Arbeitstag nicht viel Zeit in der Küche verbringen möchten, aber dennoch Abwechslung suchen.&#xD;
&#xD;
"Dinner in One" ist ideal für alle, die ihr Kochrepertoire erweitern möchten. Die Rezepte sind übersichtlich und einfach erklärt und eignen sich für alle Kenntnisstufen. Egal, ob Sie ein erfahrener Koch oder ein Neuling in der Küche sind, dieses Buch wird Sie inspirieren und Ihnen helfen, schnell und einfach köstliche Gerichte zuzubereiten. &#xD;
&#xD;
Bestellen Sie jetzt "Dinner in One" und erleben Sie, wie einfach und köstlich Kochen sein kann!&#xD;
&#xD;
&#xD;
&#xD;
 Aus der »New York Times«-Foodredaktion: 100 Mal einfach, 100 Mal köstlich&#xD;
One Pot aus Backofen, Topf, Pfanne, Bräter, Auflaufform, Instant Pot &amp; Multikocher&#xD;
Moderne Gourmet-Feierabend-Rezepte für Berufstätige&#xD;
&#xD;
&#xD;
Auszug aus dem Inhalt:&#xD;
&#xD;
BACKBLECH&#xD;
Fleischbällchen-Sub-Sandwiches auf Knoblauchbrot&#xD;
Lachs mit Miso-Glasur und gerösteten Zuckererbsen&#xD;
Gebackener Zitronen-Feta mit Tomaten und Paprikaschoten &#xD;
&#xD;
PFANNE&#xD;
Auberginen-Reis-Pilaw mit Feta, Zitrone und Minze&#xD;
Knuspriger Tofu mit Erdnusskruste und grünem Spargel&#xD;
Würzige Schweinekoteletts mit Buttererbsen, Radieschen und Minze &#xD;
&#xD;
ONE-POT-PASTA&#xD;
Zitronen-Orecchiette mit Kichererbsen, Chilischoten und Rucola&#xD;
Cremige Ziegenkäse-Pasta mit Kirschtomaten und Oliven&#xD;
Ingwer-Kokos-Nudeln mit Garnelen und Blattgemüse&#xD;
&#xD;
BRÄTER&#xD;
Knusprige Hähnchenschenkel mit grünen Bohnen à la Puttanesca&#xD;
Pilze und Gnocchi in Wein geschmort&#xD;
Der einfachste Reis mit Bohnen und kurz eingelegten Jalapeños&#xD;
&#xD;
AUFLAUFFORM&#xD;
Gebackener Zitronenreis mit Artischocken, weißen Bohnen und karamellisiertem Lauch&#xD;
Gebratener Kabeljau mit Butterkartoffeln und Anchovis&#xD;
Pikanter Brotpudding mit Spargel, Pesto und Gruyère&#xD;
&#xD;
SUPPEN &amp; EINTÖPFE&#xD;
Kokosnuss-Fischcurry mit Shiitake und Zuckerschoten&#xD;
Orzo-Minestrone mit frischem Mais, Zucchini und Pesto &#xD;
Süßkartoffel-Tofu-Suppe mit Miso und Shiitake &#xD;
&#xD;
INSTANT POT &amp; MULTIKOCHER&#xD;
Rindfleischsuppe mit Spinat, Perlgraupen und Zitrone&#xD;
Linseneintopf mit geräucherter Wurst und Kartoffeln &#xD;
Emmer-Grünkohl-Eintopf mit Parmesan und cremiger Burrata &#xD;
&#xD;
SÜßSPEISEN&#xD;
Heidelbeer-Limetten-Knusperkuchen &#xD;
Nussbutter-Joghurt-Kuchen &#xD;
Samtiger Schokoladen-Kokos-Kuchen&#xD;
&#xD;
SALATE, BEILAGEN, GRUNDREZEPTE&#xD;
Panzanella mit Thunfisch, Mozzarella und Kapern&#xD;
Perfektes Grundrezept für grünen Salat&#xD;
Gelingsicherer Reis</marc:subfield>
   </marc:datafield>
   <marc:datafield ind1=" " ind2=" " tag="020">
      <marc:subfield code="a">9783959617864</marc:subfield>
      <marc:subfield code="9">9783959617864</marc:subfield>
   </marc:datafield>
   <marc:datafield ind1=" " ind2=" " tag="020">
      <marc:subfield code="a">3959617860</marc:subfield>
      <marc:subfield code="9">3959617860</marc:subfield>
   </marc:datafield>
   <marc:datafield ind1=" " ind2=" " tag="041">
      <marc:subfield code="a">ger</marc:subfield>
   </marc:datafield>
   <marc:datafield ind1=" " ind2=" " tag="338">
      <marc:subfield code="a">Band</marc:subfield>
   </marc:datafield>
   <marc:datafield ind1=" " ind2=" " tag="300">
      <marc:subfield code="a">256 Seiten</marc:subfield>
   </marc:datafield>
</marc:record>
